[Event "First Saturday 2009 februar GM"]
[Site "Budapest"]
[Date "2009.02.07"]
[Round "1"]
[White "Wittmann, Walter"]
[Black "Paschall, William M"]
[Result "1/2-1/2"]
[WhiteElo "2269"]
[BlackElo "2354"]
[PlyCount "27"]
[EventDate "2009.02.07"]

1. e4 d5 2. exd5 Nf6 3. Nf3 Nxd5 4. d4 g6 5. c4 Nb6 6. c5 Nd5 7. Bc4 Bg7 8. Qb3
c6 9. Nc3 O-O 10. O-O Nxc3 11. bxc3 b5 12. cxb6 axb6 13. Re1 Ba6 14. Bg5
1/2-1/2

[Event "First Saturday 2009 februar GM"]
[Site "Budapest"]
[Date "2009.02.07"]
[Round "1"]
[White "Ludwig, Daniel"]
[Black "Szalanczy, Emil"]
[Result "1/2-1/2"]
[WhiteElo "2421"]
[BlackElo "2336"]
[PlyCount "77"]
[EventDate "2009.02.07"]

1. d4 c5 2. d5 e6 3. e4 exd5 4. exd5 d6 5. Nf3 Nf6 6. Nc3 Be7 7. Be2 O-O 8. O-O
Re8 9. h3 Na6 10. Re1 Bf8 11. Bg5 h6 12. Bh4 Bf5 13. Qd2 Bh7 14. a3 Nc7 15. Bd3
g5 16. Bg3 Qd7 17. b4 b6 18. Rab1 Rxe1+ 19. Rxe1 Re8 20. Rb1 Rd8 21. a4 Nce8
22. a5 Bxd3 23. Qxd3 Rc8 24. bxc5 Rxc5 25. axb6 axb6 26. Nd2 Qc8 27. Rb3 Qa8
28. Nc4 Nxd5 29. Ne4 Rc8 30. Nxb6 Nxb6 31. Rxb6 Qa2 32. c3 Qe6 33. Nd2 Bg7 34.
c4 Qe1+ 35. Kh2 Be5 36. Ne4 Bxg3+ 37. fxg3 Qa5 38. Rb5 Qc7 39. c5 1/2-1/2

[Event "First Saturday 2009 februar GM"]
[Site "Budapest"]
[Date "2009.02.07"]
[Round "1"]
[White "Kosic, Dragan"]
[Black "Nguyen, Huynh M.H"]
[Result "1/2-1/2"]
[WhiteElo "2521"]
[BlackElo "2465"]
[PlyCount "59"]
[EventDate "2009.02.07"]

1. Nf3 Nf6 2. g3 b6 3. Bg2 Bb7 4. O-O e6 5. c4 Be7 6. d4 O-O 7. Re1 Na6 8. Ne5
Qc8 9. Bxb7 Qxb7 10. Bg5 c5 11. Ng4 Nxg4 12. Bxe7 Rfe8 13. Bd6 Qc6 14. dxc5
Nxc5 15. Nc3 Nb7 16. Ba3 Ne5 17. b3 Nc5 18. Qd4 f6 19. Rad1 Red8 20. Qd6 Nb7
21. Qd4 Nc5 22. Bxc5 bxc5 23. Qd6 Qxd6 24. Rxd6 Kf8 25. Red1 Ke7 26. Ra6 Rdb8
27. Ne4 Rb6 28. Nxc5 d6 29. Rxb6 axb6 30. Na4 1/2-1/2

[Event "First Saturday 2009 februar GM"]
[Site "Budapest"]
[Date "2009.02.07"]
[Round "1"]
[White "Konnyu, Janos"]
[Black "Ilincic, Zlatko"]
[Result "0-1"]
[WhiteElo "2405"]
[BlackElo "2555"]
[PlyCount "44"]
[EventDate "2009.02.07"]

1. e4 e5 2. Nf3 Nf6 3. d4 Nxe4 4. Bd3 d5 5. Nxe5 Nd7 6. Nxd7 Bxd7 7. O-O Nf6 8.
Bg5 Be7 9. Re1 Be6 10. Nd2 O-O 11. c3 Re8 12. Qc2 h6 13. Bh4 Nh5 14. Bxe7 Rxe7
15. Nf3 Nf4 16. Bh7+ Kh8 17. Bf5 c6 18. Ne5 Qe8 19. Re3 f6 20. Ng6+ Nxg6 21.
Bxg6 Bf7 22. Rae1 Bxg6 0-1

[Event "First Saturday 2009 februar GM"]
[Site "Budapest"]
[Date "2009.02.08"]
[Round "2"]
[White "Nguyen, Huynh M.H"]
[Black "Banusz, Tamas"]
[Result "1/2-1/2"]
[WhiteElo "2465"]
[BlackElo "2501"]
[PlyCount "38"]
[EventDate "2009.02.07"]

1. d4 d5 2. c4 c6 3. cxd5 cxd5 4. Nc3 Nf6 5. Bf4 Nc6 6. e3 a6 7. Bd3 Bg4 8.
Nge2 e6 9. Rc1 Bxe2 10. Qxe2 h6 11. O-O Bd6 12. Bxd6 Qxd6 13. Na4 Nd7 14. Nc5
Nxc5 15. Rxc5 O-O 16. Rfc1 f5 17. f4 Rfc8 18. Qh5 Kh7 19. Qd1 Ne7 1/2-1/2

[Event "First Saturday 2009 februar GM"]
[Site "Budapest"]
[Date "2009.02.08"]
[Round "2"]
[White "Szalanczy, Emil"]
[Black "Kosic, Dragan"]
[Result "1/2-1/2"]
[WhiteElo "2336"]
[BlackElo "2521"]
[PlyCount "125"]
[EventDate "2009.02.07"]

1. e4 e6 2. d4 d5 3. Nc3 Nf6 4. e5 Nfd7 5. f4 c5 6. Nf3 Nc6 7. Be3 Be7 8. Qd2
O-O 9. g3 Rb8 10. Bh3 b5 11. O-O b4 12. Ne2 Ba6 13. Rf2 Bxe2 14. Rxe2 cxd4 15.
Nxd4 Nxd4 16. Bxd4 Bc5 17. f5 Bxd4+ 18. Qxd4 Qb6 19. Rd1 Rfe8 20. fxe6 fxe6 21.
Qxb6 Nxb6 22. b3 a5 23. Kf2 Rbc8 24. Ke3 Nd7 25. Kd2 Rc6 26. Kc1 Nc5 27. Bg2
Kf7 28. Kb2 Ke7 29. a3 bxa3+ 30. Kxa3 Rb6 31. Rd4 Rf8 32. h4 Rf5 33. Re3 Nd7
34. Bxd5 exd5 35. Rxd5 Ke6 36. Rxa5 Rxe5 37. Rexe5+ Nxe5 38. Ra7 Kf6 39. c4 Rc6
40. h5 h6 41. Kb2 Rd6 42. Kc2 Nc6 43. Rb7 Nd4+ 44. Kb2 Rc6 45. g4 Nf3 46. Rd7
Ne5 47. Rd4 Kg5 48. Kc3 Nxg4 49. b4 Ne5 50. b5 Rc8 51. Kb4 Kf6 52. c5 Ke7 53.
Re4 Ke6 54. Rd4 Nd7 55. Rd6+ Ke7 56. Rg6 Kf7 57. Rc6 Rxc6 58. bxc6 Nf6 59. Kb5
Nd5 60. Ka6 Ke7 61. Kb7 Kd8 62. Kb8 Nc7 63. Kb7 1/2-1/2

[Event "First Saturday 2009 februar GM"]
[Site "Budapest"]
[Date "2009.02.08"]
[Round "2"]
[White "Farago, Ivan"]
[Black "Wittmann, Walter"]
[Result "1-0"]
[WhiteElo "2482"]
[BlackElo "2269"]
[PlyCount "49"]
[EventDate "2009.02.07"]

1. d4 d5 2. c4 e6 3. Nc3 Nf6 4. Bg5 dxc4 5. e3 a6 6. Bxc4 b5 7. Bd3 Bb7 8. Nf3
Nbd7 9. O-O h6 10. Bh4 Be7 11. Rc1 c5 12. Bxf6 gxf6 13. Be4 Qb6 14. a4 b4 15.
a5 Qa7 16. Bxb7 Qxb7 17. Na4 Rc8 18. dxc5 Nxc5 19. Nd4 Rg8 20. g3 Nxa4 21.
Qxa4+ Kf8 22. h4 Rg4 23. Nc6 f5 24. Ne5 Re4 25. Qd7 1-0

[Event "First Saturday 2009 februar GM"]
[Site "Budapest"]
[Date "2009.02.09"]
[Round "3"]
[White "Ludwig, Daniel"]
[Black "Farago, Ivan"]
[Result "1/2-1/2"]
[WhiteElo "2421"]
[BlackElo "2482"]
[PlyCount "35"]
[EventDate "2009.02.07"]

1. d4 Nf6 2. c4 e6 3. Nc3 Bb4 4. Qc2 d5 5. a3 Bxc3+ 6. Qxc3 dxc4 7. Qxc4 b6 8.
Nf3 O-O 9. g3 Ba6 10. Qc2 Bb7 11. Bg2 Nbd7 12. O-O Be4 13. Qa4 c5 14. Rd1 Qe7
15. Bg5 h6 16. Bxf6 Nxf6 17. dxc5 bxc5 18. Rac1 1/2-1/2

[Event "First Saturday 2009 februar GM"]
[Site "Budapest"]
[Date "2009.02.09"]
[Round "3"]
[White "Banusz, Tamas"]
[Black "Szalanczy, Emil"]
[Result "1-0"]
[WhiteElo "2501"]
[BlackElo "2336"]
[PlyCount "71"]
[EventDate "2009.02.07"]

1. Nf3 c5 2. c4 Nf6 3. Nc3 Nc6 4. d4 cxd4 5. Nxd4 e6 6. a3 a6 7. e4 Qa5 8. Nb3
Qc7 9. f4 d6 10. Be3 Be7 11. Rc1 O-O 12. Bd3 Nd7 13. O-O Nc5 14. Nxc5 dxc5 15.
e5 Nd4 16. Bxd4 cxd4 17. Ne4 f5 18. exf6 Bxf6 19. Qh5 g6 20. Nxf6+ Rxf6 21. Qe5
Qxe5 22. fxe5 Rxf1+ 23. Rxf1 Bd7 24. Rf4 Bc6 25. Rxd4 Rf8 26. b4 Kg7 27. Bc2
Rc8 28. Rd6 Kf7 29. Bb3 Ke7 30. a4 a5 31. b5 Bd7 32. Rb6 Rc5 33. Rxb7 Rxe5 34.
Kf2 Kd6 35. Ra7 Bc8 36. b6 1-0

[Event "First Saturday 2009 februar GM"]
[Site "Budapest"]
[Date "2009.02.09"]
[Round "3"]
[White "Ilincic, Zlatko"]
[Black "Duong, The Anh"]
[Result "1/2-1/2"]
[WhiteElo "2555"]
[BlackElo "2418"]
[PlyCount "159"]
[EventDate "2009.02.07"]

1. d4 d5 2. c4 c6 3. Nf3 Nf6 4. e3 Bg4 5. h3 Bxf3 6. Qxf3 e6 7. a3 Nbd7 8. Nc3
Bd6 9. g4 h6 10. h4 dxc4 11. Bxc4 Nd5 12. Ne4 Be7 13. g5 Nf8 14. gxh6 Rxh6 15.
h5 f5 16. Nc3 Qb6 17. Qe2 Rh8 18. Qc2 g6 19. Be2 Nf6 20. e4 fxe4 21. Be3 Nd5
22. O-O-O O-O-O 23. hxg6 Rxh1 24. Rxh1 Nxe3 25. fxe3 Nxg6 26. Qxe4 Nf8 27. Bc4
Kb8 28. Bxe6 Qa5 29. Kc2 Bd6 30. Qf5 Qc7 31. Bf7 Qe7 32. e4 Bc7 33. Rd1 Nd7 34.
e5 Nb6 35. Bb3 Rf8 36. Qe4 a6 37. Rd2 Ka7 38. Rh2 Qg5 39. Ne2 a5 40. Rh7 Kb8
41. Bf7 Rd8 42. Nf4 Qg1 43. Ne6 Qf2+ 44. Kb1 Qf1+ 45. Ka2 Rd7 46. Bg8 Rxh7 47.
Qxh7 Qc4+ 48. Ka1 Qf1+ 49. Qb1 Qg2 50. Bh7 Qd5 51. Bf5 Nc4 52. Qd3 Bb6 53. a4
Qh1+ 54. Ka2 Qd5 55. Qb3 Bxd4 56. Nxd4 Qxd4 57. e6 Nd2 58. e7 Nxb3 59. e8=Q+
Ka7 60. Kxb3 Qd5+ 61. Ka3 Qxf5 62. Qe3+ Ka6 63. Qe2+ Kb6 64. Ka2 Qd5+ 65. b3
Qd4 66. Qc2 Qc5 67. Qd2 Ka6 68. Qe2+ b5 69. axb5+ Qxb5 70. Qg4 Kb6 71. Qd4+ c5
72. Qd8+ Kb7 73. Qe7+ Ka6 74. Qe6+ Qb6 75. Qe2+ Ka7 76. Qe7+ Ka8 77. Qe8+ Kb7
78. Qd7+ Qc7 79. Qb5+ Ka7 80. Ka3 1/2-1/2

[Event "First Saturday 2009 februar GM"]
[Site "Budapest"]
[Date "2009.02.10"]
[Round "4"]
[White "Nguyen, Huynh M.H"]
[Black "Ilincic, Zlatko"]
[Result "1-0"]
[WhiteElo "2465"]
[BlackElo "2555"]
[PlyCount "139"]
[EventDate "2009.02.07"]

1. d4 f5 2. g3 Nf6 3. Bg2 g6 4. b3 Bg7 5. Bb2 O-O 6. Nf3 d6 7. O-O a5 8. a3 Ne4
9. Nbd2 Nc6 10. Ne1 d5 11. Ndf3 b6 12. Nd3 Ba6 13. Qc1 e6 14. Rd1 a4 15. b4 Qe7
16. e3 Rfc8 17. Nd2 Nd8 18. Re1 Nb7 19. f3 Nxd2 20. Qxd2 Nd6 21. Qf2 Nc4 22.
Bc3 c5 23. bxc5 bxc5 24. Nxc5 Qxc5 25. dxc5 Bxc3 26. Bf1 Rxc5 27. Bxc4 Rxc4 28.
Rab1 Rac8 29. Red1 Ba5 30. Rb2 Rc3 31. Qd2 R3c5 32. Qd4 Bc3 33. Qxa4 Bxb2 34.
Qxa6 R5c6 35. Qb7 Rxc2 36. a4 R8c7 37. Qb6 Kf7 38. Rd2 Rc1+ 39. Kg2 Bf6 40. Ra2
Bd8 41. Qb2 R7c3 42. Qb5 R3c2+ 43. Rxc2 Rxc2+ 44. Kf1 Ra2 45. Qd7+ Be7 46. Qa7
Rxh2 47. a5 Ra2 48. a6 Kf6 49. Qb6 Bc5 50. Qxc5 Rxa6 51. Qf8+ Kg5 52. Kg2 Rc6
53. Kh3 Ra6 54. g4 fxg4+ 55. fxg4 Ra4 56. Qe7+ Kh6 57. Qxe6 Re4 58. Qb6 Kg5 59.
Qd8+ Kh6 60. Kh4 Kg7 61. Qxd5 Re7 62. e4 h6 63. e5 Rc7 64. Qd6 Rf7 65. e6 Rf3
66. Qd4+ Kh7 67. g5 hxg5+ 68. Kxg5 Rf5+ 69. Kg4 Kg8 70. Qd8+ 1-0

[Event "First Saturday 2009 februar GM"]
[Site "Budapest"]
[Date "2009.02.10"]
[Round "4"]
[White "Szalanczy, Emil"]
[Black "Konnyu, Janos"]
[Result "0-1"]
[WhiteElo "2336"]
[BlackElo "2405"]
[PlyCount "80"]
[EventDate "2009.02.07"]

1. e4 c5 2. Nf3 Nc6 3. d4 cxd4 4. Nxd4 Nf6 5. Nc3 e5 6. Ndb5 d6 7. Be3 a6 8.
Na3 Rb8 9. f3 b5 10. Nab1 d5 11. Nxd5 Nxd5 12. exd5 Ne7 13. c4 bxc4 14. Nc3 Nf5
15. Bc1 Bc5 16. Qa4+ Bd7 17. Qxc4 Bd4 18. Qxa6 Qh4+ 19. Kd1 O-O 20. Qe2 Bxc3
21. bxc3 Ba4+ 22. Kd2 Rfd8 23. g3 Rxd5+ 24. Ke1 Nxg3 25. Bg5 Qxg5 26. hxg3
Qxg3+ 27. Qf2 Qg6 28. Qa7 Rbd8 29. Be2 Rd2 30. Qxa4 Qg2 31. Qe8+ Rxe8 32. Kxd2
Rd8+ 33. Ke3 f5 34. Bc4+ Kf8 35. Rad1 f4+ 36. Ke4 Qg6+ 37. Kxe5 Qf6+ 38. Ke4
Re8+ 39. Kd5 Re5+ 40. Kd4 Qd6+ 0-1

[Event "First Saturday 2009 februar GM"]
[Site "Budapest"]
[Date "2009.02.10"]
[Round "4"]
[White "Paschall, William M"]
[Black "Banusz, Tamas"]
[Result "1/2-1/2"]
[WhiteElo "2354"]
[BlackElo "2501"]
[PlyCount "64"]
[EventDate "2009.02.07"]

1. c4 Nf6 2. Nc3 e5 3. g3 d5 4. cxd5 Nxd5 5. Nf3 Nc6 6. Bg2 Nb6 7. O-O Be7 8.
d3 O-O 9. Be3 Be6 10. Rc1 f6 11. a3 a5 12. Na4 Nd5 13. Nc5 Bxc5 14. Rxc5 Nxe3
15. fxe3 Ne7 16. Qc1 c6 17. Nd2 Nd5 18. Ne4 Qb6 19. d4 exd4 20. exd4 Qd8 21.
Rc2 Qe7 22. Nc5 f5 23. Nd3 Nf6 24. Ne5 g6 25. Qg5 Kg7 26. h3 Rae8 27. e3 a4 28.
Rcf2 Nd7 29. Qxe7+ Rxe7 30. Nxd7 Rxd7 31. Rc2 Ra8 32. Rc5 Bd5 1/2-1/2

[Event "First Saturday 2009 februar GM"]
[Site "Budapest"]
[Date "2009.02.10"]
[Round "4"]
[White "Farago, Ivan"]
[Black "Kosic, Dragan"]
[Result "1/2-1/2"]
[WhiteElo "2482"]
[BlackElo "2521"]
[PlyCount "21"]
[EventDate "2009.02.07"]

1. Nf3 Nf6 2. g3 c5 3. Bg2 Nc6 4. c4 d5 5. cxd5 Nxd5 6. Nc3 Nc7 7. O-O e5 8. d3
Be7 9. Nd2 O-O 10. Nc4 f6 11. f4 1/2-1/2

[Event "First Saturday 2009 februar GM"]
[Site "Budapest"]
[Date "2009.02.10"]
[Round "4"]
[White "Wittmann, Walter"]
[Black "Ludwig, Daniel"]
[Result "0-1"]
[WhiteElo "2269"]
[BlackElo "2421"]
[PlyCount "58"]
[EventDate "2009.02.07"]

1. e4 c5 2. Nf3 d6 3. Nc3 a6 4. a4 Nc6 5. d4 cxd4 6. Nxd4 Nf6 7. Be2 g6 8. Be3
Bg7 9. O-O O-O 10. f4 Bd7 11. Qd2 Rc8 12. Nxc6 Bxc6 13. Bf3 Nd7 14. Bd4 e5 15.
Bf2 exf4 16. Qxd6 Ne5 17. Qxd8 Rfxd8 18. Be2 Rd2 19. Bd1 Nc4 20. Be1 Rd6 21.
Bg4 Re8 22. Be2 Nxb2 23. Ra2 Bxc3 24. Bxc3 Nxa4 25. Bb4 Rd4 26. c3 Rxb4 27.
cxb4 Nc3 28. Rc2 Nxe2+ 29. Rxe2 Bb5 0-1

[Event "First Saturday 2009 februar GM"]
[Site "Budapest"]
[Date "2009.02.11"]
[Round "5"]
[White "Banusz, Tamas"]
[Black "Farago, Ivan"]
[Result "1/2-1/2"]
[WhiteElo "2501"]
[BlackElo "2482"]
[PlyCount "29"]
[EventDate "2009.02.07"]

1. Nf3 Nf6 2. c4 c5 3. Nc3 Nc6 4. d4 cxd4 5. Nxd4 e6 6. e3 d5 7. cxd5 exd5 8.
Be2 Bd6 9. O-O O-O 10. Nxc6 bxc6 11. b3 Qc7 12. g3 Bh3 13. Re1 Qd7 14. Bb2 Rfe8
15. Qd3 1/2-1/2

[Event "First Saturday 2009 februar GM"]
[Site "Budapest"]
[Date "2009.02.11"]
[Round "5"]
[White "Konnyu, Janos"]
[Black "Paschall, William M"]
[Result "1/2-1/2"]
[WhiteElo "2405"]
[BlackElo "2354"]
[PlyCount "62"]
[EventDate "2009.02.07"]

1. e4 c5 2. Nf3 Nc6 3. d4 cxd4 4. Nxd4 g6 5. Nc3 Bg7 6. Be3 Nf6 7. Bc4 Qa5 8.
O-O O-O 9. Bb3 d6 10. h3 Bd7 11. f4 Nxd4 12. Bxd4 Bc6 13. Qe1 Qb4 14. Bxf6 Bxf6
15. Nd5 Qd4+ 16. Kh1 Qxb2 17. Rb1 Qd4 18. Rd1 Qc5 19. e5 dxe5 20. fxe5 Bg7 21.
e6 fxe6 22. Qxe6+ Kh8 23. Nxe7 Rae8 24. Rxf8+ Rxf8 25. Nxc6 bxc6 26. Qc4 Qf2
27. Qe4 c5 28. Bc4 Qg3 29. Qe7 Qc3 30. Rf1 Rxf1+ 31. Bxf1 Qf6 1/2-1/2

[Event "First Saturday 2009 februar GM"]
[Site "Budapest"]
[Date "2009.02.11"]
[Round "5"]
[White "Duong, The Anh"]
[Black "Nguyen, Huynh M.H"]
[Result "1/2-1/2"]
[WhiteElo "2418"]
[BlackElo "2465"]
[PlyCount "31"]
[EventDate "2009.02.07"]

1. d4 e6 2. e4 d5 3. Nd2 dxe4 4. Nxe4 Bd7 5. Nf3 Bc6 6. Bd3 Nd7 7. Qe2 Ngf6 8.
Ng3 Be7 9. Bd2 Bxf3 10. Qxf3 c6 11. O-O-O Qb6 12. c3 O-O 13. Rhe1 Rfe8 14. Nh5
c5 15. Be3 Rac8 16. Bc2 1/2-1/2

[Event "First Saturday 2009 februar GM"]
[Site "Budapest"]
[Date "2009.02.12"]
[Round "6"]
[White "Szalanczy, Emil"]
[Black "Duong, The Anh"]
[Result "0-1"]
[WhiteElo "2336"]
[BlackElo "2418"]
[PlyCount "118"]
[EventDate "2009.02.07"]

1. e4 b6 2. d4 Bb7 3. Nd2 e6 4. Ngf3 Nf6 5. e5 Ng8 6. Bd3 d5 7. O-O c5 8. c3
Ne7 9. Ng5 Nf5 10. Ndf3 h6 11. g4 Ne7 12. Nh3 Nec6 13. Nf4 Qd7 14. Nh5 Ba6 15.
Be3 Bxd3 16. Qxd3 c4 17. Qc2 Na6 18. b3 O-O-O 19. Nd2 Na5 20. b4 Nb7 21. h3 Kb8
22. Bf4 Ka8 23. Bg3 Rc8 24. f4 g6 25. Nf6 Qd8 26. f5 gxf5 27. gxf5 Be7 28. fxe6
fxe6 29. Kh2 Nc7 30. Nf3 Ne8 31. Nh5 Nc7 32. a4 a6 33. Rg1 Rf8 34. Raf1 Qe8 35.
Nf6 Bxf6 36. exf6 Rxf6 37. Ne5 Rxf1 38. Rxf1 Nd6 39. Qh7 Nf5 40. a5 bxa5 41.
Rxf5 exf5 42. bxa5 Ne6 43. Nd7 f4 44. Nb6+ Kb8 45. Nd7+ Kb7 46. Bxf4 Nxf4 47.
Nf6+ Rc7 48. Qxc7+ Kxc7 49. Nxe8+ Kc6 50. Ng7 Ne2 51. Nf5 Nxc3 52. Nxh6 Ne2 53.
Nf5 c3 54. Ne3 Nxd4 55. h4 Nf3+ 56. Kg3 Nxh4 57. Kxh4 d4 58. Nc2 Kc5 59. Ne1
Kc4 0-1

[Event "First Saturday 2009 februar GM"]
[Site "Budapest"]
[Date "2009.02.12"]
[Round "6"]
[White "Paschall, William M"]
[Black "Ilincic, Zlatko"]
[Result "1/2-1/2"]
[WhiteElo "2354"]
[BlackElo "2555"]
[PlyCount "23"]
[EventDate "2009.02.07"]

1. e4 e5 2. Nf3 Nf6 3. Nxe5 d6 4. Nf3 Nxe4 5. Nc3 Nf6 6. d4 d5 7. Bd3 Be7 8. h3
Nbd7 9. O-O c6 10. Re1 O-O 11. Bf4 Re8 12. Qd2 1/2-1/2

[Event "First Saturday 2009 februar GM"]
[Site "Budapest"]
[Date "2009.02.12"]
[Round "6"]
[White "Farago, Ivan"]
[Black "Konnyu, Janos"]
[Result "1-0"]
[WhiteElo "2482"]
[BlackElo "2405"]
[PlyCount "79"]
[EventDate "2009.02.07"]

1. d4 Nf6 2. c4 g6 3. Nc3 Bg7 4. e4 d6 5. Be2 O-O 6. Bg5 Na6 7. Qd2 e5 8. d5
Qe8 9. Bd1 Bd7 10. Nge2 Nc5 11. Bc2 Nh5 12. Be3 f5 13. exf5 gxf5 14. O-O Nf6
15. Rae1 Ng4 16. Bxc5 dxc5 17. h3 Bh6 18. f4 Nf6 19. Qe3 exf4 20. Qxc5 Ne4 21.
Qd4 Nxc3 22. Nxc3 Qg6 23. c5 Qf6 24. Qxf6 Rxf6 25. d6 c6 26. Re7 Rd8 27. Ba4
Rg6 28. Bb3+ Kh8 29. Ne2 Rg7 30. Re5 b6 31. cxb6 axb6 32. Nxf4 Rg3 33. Ne6 Rdg8
34. Re2 Rxh3 35. Nf4 Bxf4 36. Rxf4 Rg7 37. Rxf5 h5 38. Rf8+ Kh7 39. Bc2+ Kh6
40. Rh8+ 1-0

[Event "First Saturday 2009 februar GM"]
[Site "Budapest"]
[Date "2009.02.12"]
[Round "6"]
[White "Wittmann, Walter"]
[Black "Banusz, Tamas"]
[Result "1/2-1/2"]
[WhiteElo "2269"]
[BlackElo "2501"]
[PlyCount "55"]
[EventDate "2009.02.07"]

1. e4 c5 2. Nf3 Nc6 3. d4 cxd4 4. Nxd4 Nf6 5. Nc3 e5 6. Ndb5 d6 7. Bg5 a6 8.
Na3 b5 9. Bxf6 gxf6 10. Nd5 Bg7 11. Bd3 Ne7 12. Nxe7 Qxe7 13. c3 f5 14. Nc2 Qb7
15. Qf3 f4 16. g3 fxg3 17. hxg3 Be6 18. a3 a5 19. Ne3 b4 20. cxb4 axb4 21. Nf5
Bxf5 22. Qxf5 bxa3 23. bxa3 Qb3 24. Ke2 Qb2+ 25. Kf3 Qb3 26. Ke2 Qb2+ 27. Kf3
Qb3 28. Ke2 1/2-1/2

[Event "First Saturday 2009 februar GM"]
[Site "Budapest"]
[Date "2009.02.12"]
[Round "6"]
[White "Ludwig, Daniel"]
[Black "Kosic, Dragan"]
[Result "1-0"]
[WhiteElo "2421"]
[BlackElo "2521"]
[PlyCount "189"]
[EventDate "2009.02.07"]

1. d4 e6 2. c4 Bb4+ 3. Bd2 Bxd2+ 4. Qxd2 Nf6 5. Nc3 d5 6. Nf3 O-O 7. e3 Qe7 8.
cxd5 exd5 9. Be2 Rd8 10. Ne5 c5 11. Rc1 cxd4 12. Qxd4 Nc6 13. Nxc6 bxc6 14. Na4
Rb8 15. a3 Rd6 16. O-O Ne4 17. Nc5 Ng5 18. b4 Ra8 19. h4 Ne6 20. Nxe6 Rxe6 21.
Bf3 Rh6 22. g3 Bh3 23. Rfe1 Rf6 24. Bh1 a5 25. e4 Re6 26. b5 dxe4 27. bxc6 f5
28. c7 Rc8 29. Red1 Qf7 30. Qd8+ Re8 31. Qxc8 Rxc8 32. Rd8+ Qf8 33. Rxf8+ Kxf8
34. f3 f4 35. fxe4 fxg3 36. Rc3 g2 37. Bxg2 Bxg2 38. Kxg2 Ke7 39. Rc5 Kd6 40.
Rxa5 Rxc7 41. Kf3 Rc1 42. a4 Rf1+ 43. Ke3 Re1+ 44. Kd3 Rd1+ 45. Ke2 Rh1 46. Rh5
h6 47. Rd5+ Kc7 48. h5 Rh3 49. a5 Ra3 50. Kd2 Rh3 51. Rf5 Ra3 52. Ke2 Kd6 53.
Rd5+ Kc6 54. Kf2 Rh3 55. a6 Ra3 56. Kg2 Rxa6 57. Kf3 Kc7 58. Kf4 g6 59. hxg6
Rxg6 60. e5 h5 61. Kf5 Rg1 62. e6 h4 63. Rd7+ Kc6 64. Rd3 h3 65. Re3 h2 66. e7
Rg8 67. Re1 Kd7 68. Kf6 Rh8 69. Rd1+ Kc7 70. Kg7 h1=Q 71. Rxh1 Rxh1 72. e8=Q
Rg1+ 73. Kf6 Rf1+ 74. Kg5 Rg1+ 75. Kf4 Rf1+ 76. Kg3 Rg1+ 77. Kf2 Rd1 78. Ke2
Rd8 79. Qb5 Rd6 80. Ke3 Rb6 81. Qc5+ Rc6 82. Qa7+ Kd6 83. Kd4 Ke6 84. Qg7 Rd6+
85. Ke4 Rc6 86. Qg6+ Kd7 87. Qf7+ Kd6 88. Kd4 Rb6 89. Qf6+ Kc7 90. Qe7+ Kb8 91.
Kc5 Rb7 92. Qd8+ Ka7 93. Kc6 Rf7 94. Qd4+ Kb8 95. Qb2+ 1-0

[Event "First Saturday 2009 februar GM"]
[Site "Budapest"]
[Date "2009.02.13"]
[Round "7"]
[White "Ilincic, Zlatko"]
[Black "Farago, Ivan"]
[Result "1/2-1/2"]
[WhiteElo "2555"]
[BlackElo "2482"]
[PlyCount "22"]
[EventDate "2009.02.07"]

1. d4 Nf6 2. c4 e6 3. Nf3 b6 4. g3 Bb7 5. Bg2 Be7 6. O-O O-O 7. Nc3 Ne4 8. Bd2
d5 9. Ne5 Nxc3 10. Bxc3 Nd7 11. Nxd7 Qxd7 1/2-1/2

[Event "First Saturday 2009 februar GM"]
[Site "Budapest"]
[Date "2009.02.13"]
[Round "7"]
[White "Nguyen, Huynh M.H"]
[Black "Szalanczy, Emil"]
[Result "1-0"]
[WhiteElo "2465"]
[BlackElo "2336"]
[PlyCount "105"]
[EventDate "2009.02.07"]

1. d4 c5 2. d5 e6 3. Nc3 d6 4. e4 exd5 5. exd5 Nf6 6. h3 Be7 7. Nf3 O-O 8. Be2
Re8 9. Nd2 Bf8 10. O-O h6 11. Nc4 Na6 12. Bf4 Ne4 13. Nxe4 Rxe4 14. Bg3 Rd4 15.
Qe1 Rxd5 16. Ne3 Rg5 17. Bh4 Be7 18. Bxg5 Bxg5 19. f4 Bh4 20. Qd2 Nc7 21. Rad1
Qe7 22. Bf3 Bd7 23. Bxb7 Rb8 24. Bf3 Rxb2 25. Rb1 Rb5 26. Kh2 Be6 27. a4 Rb6
28. Rxb6 axb6 29. Rb1 g5 30. f5 Ba2 31. Rg1 d5 32. g3 Qd6 33. f6 Qxf6 34. Qf2
d4 35. Ng4 Qd6 36. Kh1 h5 37. Nh2 Bxg3 38. Rxg3 Ne6 39. Bxh5 Bd5+ 40. Bf3 Qf4
41. Rg4 Qc1+ 42. Rg1 Qf4 43. Qg3 Qf5 44. Bxd5 Qxd5+ 45. Qf3 Qa2 46. Qb3 Qxb3
47. cxb3 Kg7 48. Nf3 Kf6 49. Nd2 Kf5 50. Nc4 d3 51. Nxb6 Ke4 52. a5 Nc7 53.
Rxg5 1-0

[Event "First Saturday 2009 februar GM"]
[Site "Budapest"]
[Date "2009.02.14"]
[Round "8"]
[White "Paschall, William M"]
[Black "Nguyen, Huynh M.H"]
[Result "0-1"]
[WhiteElo "2354"]
[BlackElo "2465"]
[PlyCount "72"]
[EventDate "2009.02.07"]

1. e4 c5 2. Nf3 d6 3. d4 cxd4 4. Nxd4 Nf6 5. Nc3 a6 6. f4 e5 7. Nf3 Qc7 8. a4
Be7 9. Bd3 O-O 10. O-O Nbd7 11. Kh1 Nc5 12. Qe1 Re8 13. fxe5 dxe5 14. Bg5 Be6
15. Nh4 Nh5 16. Bxe7 Qxe7 17. Nf5 Qg5 18. Rf3 g6 19. Ne3 Nxd3 20. cxd3 Nf4 21.
Qf1 Rad8 22. g3 Nh5 23. Ncd5 Rc8 24. Qf2 Rf8 25. g4 Nf4 26. Nxf4 exf4 27. Rxf4
Rfd8 28. Rd1 Qe5 29. Nf5 gxf5 30. gxf5 Bb3 31. Rg1+ Kf8 32. Qb6 f6 33. Qb4+ Ke8
34. Rg7 Rc1+ 35. Kg2 Rc2+ 36. Kh1 Rxd3 0-1

[Event "First Saturday 2009 februar GM"]
[Site "Budapest"]
[Date "2009.02.14"]
[Round "8"]
[White "Farago, Ivan"]
[Black "Duong, The Anh"]
[Result "1/2-1/2"]
[WhiteElo "2482"]
[BlackElo "2418"]
[PlyCount "23"]
[EventDate "2009.02.07"]

1. d4 d5 2. c4 c6 3. Nf3 Nf6 4. Nc3 e6 5. cxd5 exd5 6. Bg5 Be7 7. e3 Bf5 8. Bd3
Bxd3 9. Qxd3 Nbd7 10. O-O O-O 11. Rab1 Ne4 12. Bxe7 1/2-1/2

[Event "First Saturday 2009 februar GM"]
[Site "Budapest"]
[Date "2009.02.14"]
[Round "8"]
[White "Wittmann, Walter"]
[Black "Ilincic, Zlatko"]
[Result "0-1"]
[WhiteElo "2269"]
[BlackElo "2555"]
[PlyCount "132"]
[EventDate "2009.02.07"]

1. e4 c5 2. Nf3 d6 3. Nc3 a6 4. d4 cxd4 5. Nxd4 Nf6 6. Bc4 e6 7. Bb3 b5 8. Bg5
Bd7 9. a3 Be7 10. O-O O-O 11. Re1 Nc6 12. Nxc6 Bxc6 13. Qd4 Qc7 14. Rad1 Rfd8
15. Rd3 h6 16. Bc1 Qa7 17. Qxa7 Rxa7 18. Bf4 Rad7 19. f3 a5 20. Be3 Rb7 21. Ne2
a4 22. Ba2 b4 23. Nd4 Bd7 24. axb4 Rxb4 25. Bc1 Rdb8 26. b3 axb3 27. Bxb3 R4b7
28. g3 Ra8 29. Kg2 Kf8 30. Bb2 g6 31. Ne2 Bb5 32. Rdd1 Nd7 33. Nd4 Ba4 34. Ra1
Nc5 35. Bc1 h5 36. Be3 Rba7 37. Bc4 Be8 38. Rxa7 Rxa7 39. Nb3 Ra2 40. Re2 Ra4
41. Nd2 Rxc4 42. Nxc4 Bb5 43. Nxd6 Bxd6 44. Rd2 Be7 45. h4 Nb7 46. c3 Ke8 47.
Rb2 Bc6 48. Bd4 f5 49. e5 f4 50. Rb6 Kd7 51. Ra6 fxg3 52. Kxg3 g5 53. hxg5 Bxg5
54. Ra8 Bd8 55. Ra1 Na5 56. Rh1 h4+ 57. Kg4 Nc4 58. Rh2 Ke8 59. Re2 Kf7 60. Bf2
h3 61. Bg3 Kg6 62. Bf4 Bd5 63. Bg3 Ba5 64. Be1 h2 65. Rxh2 Nxe5+ 66. Kf4 Nd3+
0-1

[Event "First Saturday 2009 februar GM"]
[Site "Budapest"]
[Date "2009.02.14"]
[Round "8"]
[White "Ludwig, Daniel"]
[Black "Konnyu, Janos"]
[Result "1-0"]
[WhiteElo "2421"]
[BlackElo "2405"]
[PlyCount "83"]
[EventDate "2009.02.07"]

1. d4 Nf6 2. c4 g6 3. Nc3 Bg7 4. e4 d6 5. f3 O-O 6. Nge2 Nc6 7. Be3 a6 8. Qd2
Rb8 9. Nc1 e5 10. d5 Nd4 11. Nb3 c5 12. dxc6 bxc6 13. Nxd4 exd4 14. Bxd4 Qa5
15. Rc1 Be6 16. b3 Qb4 17. Be2 a5 18. Rc2 Rfd8 19. Na4 Nd7 20. Qxb4 axb4 21.
Be3 c5 22. Kf2 Ne5 23. Rd1 Nc6 24. Rcd2 Nd4 25. Bd3 Kf8 26. Bb1 Ke7 27. Nb2 Kd7
28. Nd3 Kc6 29. Nf4 Kc7 30. Ne2 Nc6 31. h3 Ra8 32. g4 f6 33. Nf4 Bf7 34. h4 Ne5
35. g5 Kc6 36. Kg3 Ra3 37. Nd5 Bxd5 38. Rxd5 fxg5 39. hxg5 Nxc4 40. Bxc5 Be5+
41. Kf2 Ra5 42. Bd4 1-0